|
|
|
|
| LEADER |
01571nam a22003137a 4500 |
| 001 |
29833 |
| 003 |
BD-DhAAL |
| 005 |
20170130115832.0 |
| 008 |
170130s2013 bg ||||| |||| 00| 0 eng d |
| 040 |
|
|
|a BD-DhAAL
|c BD-DhAAL
|
| 082 |
|
|
|2 23
|a 363.7387495492
|
| 245 |
|
|
|a Vulnerability to climate induced drought scenario and impacts :
|b study report /
|c edited by Snajib Kumar Saha, Mirza Shawkat Ali and Shaila Shahid
|
| 260 |
|
|
|a Dhaka :
|b Comprehensive Disaster Management Programme (CDMP II),
|c 2013
|
| 300 |
|
|
|a vi, 134 pages :
|b color illustrations, color maps ;
|c 28 cm.
|
| 500 |
|
|
|a Study report conducted by Centre for Environmental and Geographic Information Services; supported by Comprehensive Disaster Management Programme (CDMP II), Ministry of Disaster Management and Relief."
Includes statistical tables.
|
| 526 |
|
|
|a C3ER
|
| 541 |
|
|
|e 29833
|
| 650 |
|
|
|a Climatic changes
|z Bangladesh
|9 20975
|
| 650 |
|
|
|a Droughts
|z Bangladesh
|9 20976
|
| 700 |
|
|
|a Saha, Sanjib Kumar
|9 20977
|
| 700 |
|
|
|a Ali, Mirza Shawkat
|9 20978
|
| 700 |
|
|
|a Shahid, Shalia
|9 20979
|
| 710 |
|
|
|a Center for Environmental and Geographic Information Services (Bangladesh)
|9 20980
|
| 710 |
|
|
|a Comprehensive Disaster Management Program (Bangladesh). Phase II.
|9 20981
|
| 710 |
|
|
|a Ministry of Disaster Management and Relief.
|9 20982
|
| 852 |
|
|
|a Ayesha Abed Library
|
| 942 |
|
|
|2 ddc
|c BK
|
| 999 |
|
|
|c 37957
|d 37957
|
| 952 |
|
|
|0 0
|1 0
|2 ddc
|4 0
|6 363_738749549200000_VUL
|7 0
|9 59976
|a BRACUL
|b BRACUL
|c GEN
|d 2017-01-30
|e Complimentary
|l 0
|o 363.7387495492 VUL
|p 3010029833
|r 2017-01-30
|t 1
|w 2017-01-30
|y BK
|